Novel Classification Technique for Diagnosis of Lung Cancer on Medical Image (Record no. 244564)

MARC details
000 -LEADER
fixed length control field 00424nam a2200157Ia 4500
008 - FIXED-LENGTH DATA ELEMENTS--GENERAL INFORMATION
fixed length control field 240823s9999||||xx |||||||||||||| ||und||
082 ## - DEWEY DECIMAL CLASSIFICATION NUMBER
-- 616.075 R2
100 ## - MAIN ENTRY--PERSONAL NAME
Personal name Arun B Mathews
245 #0 - TITLE STATEMENT
Title Novel Classification Technique for Diagnosis of Lung Cancer on Medical Image
260 ## - PUBLICATION, DISTRIBUTION, ETC. (IMPRINT)
Date of publication, distribution, etc 2022
500 ## - GENERAL NOTE
General note YES
650 ## - SUBJECT ADDED ENTRY--TOPICAL TERM
Topical term or geographic name as entry element Medical Imaging
942 ## - ADDED ENTRY ELEMENTS (KOHA)
Item type Thesis
Holdings
Withdrawn status Lost status Damaged status Permanent location Current location Shelving location Date acquired Full call number Barcode Date last seen Koha item type
      CENTRAL LIBRARY, NOORUL ISLAM CENTRE FOR HIGHER EDUCATION CENTRAL LIBRARY, NOORUL ISLAM CENTRE FOR HIGHER EDUCATION   01/25/2022 616.075 R2 TD278 08/23/2024 Thesis
Visitors:
Copyright © 2024 Central Library NICHE.  All rights reserved.